European Countries with NO Wolves - Statistics

General Stats
  • This quiz has been taken 65,639 times
    24,750 since last reset
  • The average score is 7 of 8
Answer Stats
Country % Correct
Ireland
92%
United Kingdom
92%
Vatican City
91%
Iceland
87%
Malta
87%
San Marino
86%
Monaco
83%
Liechtenstein
82%
No matching quizzes found
Score Distribution
Percent of People with Each Score
Percentile by Number Answered
Your Score History
You have not taken this quiz since the last reset